U.S. Army field artillery school fort sill (Record no. 194121)
[ view plain ]
| 000 -LEADER | |
|---|---|
| fixed length control field | 01212 a2200145 4500 |
| 003 - CONTROL NUMBER IDENTIFIER | |
| control field | Nust |
| 005 - DATE AND TIME OF LATEST TRANSACTION | |
| control field | 20170207154117.0 |
| 040 ## - CATALOGING SOURCE | |
| Transcribing agency | Nust |
| 082 ## - DEWEY DECIMAL CLASSIFICATION NUMBER | |
| Classification number | 355.85 |
| 245 ## - TITLE STATEMENT | |
| Title | U.S. Army field artillery school fort sill |
| 260 ## - PUBLICATION, DISTRIBUTION, ETC. | |
| Place of publication, distribution, etc. | USA |
| Name of publisher, distributor, etc. | Communication electronic school |
| 300 ## - PHYSICAL DESCRIPTION | |
| Extent | 271,p.; |
| 505 ## - FORMATTED CONTENTS NOTE | |
| Formatted contents note | The Diode Vacuum Tube (Page-1) Alternating Current Power Supplies (Page-8) Filter Circuits (page-19) Direct Current Power Supplies (Page-29) Voltage Regulators and Voltage Regulator Tubes (page-34) Triode Vacuum Tubes (Page-44) Multielectrode vacuum Tube (page-57) USE of the Tube Tester (page-66) Audio Equipments(Page-72) Introduction to amplifiers (Page-78) Audio Voltage and Power Amplifiers (Page-89) Method of Bias (Page-106) Oscillators (Page-118) Radio- Frequency Amplifiers (Page-127) Introduction to Transmitters (page-139) Amplitude Modulated Transmitters (Page-149) Super heterodyne Receiver (Page-160) Troubleshooting Radio Equipment (Page-189) Principles of Frequency Modulation (page-208) Frequency Modulated Receivers (page-215) Frequency modulated transmitters (page-225) Antenna Fundamentals (page-237) Transistors (page-248) Transistors (Cont) (Page-255) |
| 538 ## - SYSTEM DETAILS NOTE | |
| System details note | Almirah No.54 Shelf No.4 |
| 942 ## - ADDED ENTRY ELEMENTS (KOHA) | |
| Source of classification or shelving scheme | |
| Koha item type | Book |
| Withdrawn status | Lost status | Source of classification or shelving scheme | Damaged status | Not for loan | Collection code | Permanent Location | Current Location | Date acquired | Total Checkouts | Full call number | Barcode | Date last seen | Price effective from | Koha item type |
|---|---|---|---|---|---|---|---|---|---|---|---|---|---|---|
| Military College of Signals (MCS) | Military College of Signals (MCS) | 12/12/2016 | 355.85 COM | MCS4099 | 12/08/2016 | 12/12/2016 | Book |
